000 00728nam a2200205 a 4500
999 _c4089
_d4089
001 4089
003 BD-JhCC
005 20171122194340.0
008 171120s1970 bg |||| |||| 000 0 ben d
035 _a(BD-JhCC)
040 _aBD-JhCC
_dBD-JhCC
041 _aben
082 _a631.403
_bSID 1970
100 _aসিদ্দিকী, ডক্টর আশরাফ
245 _aমৃৎ-বিজ্ঞান পরিভাষা-কোষ /
_cডক্টর আশরাফ সিদ্দিকী
260 _aঢাকা:
_bকেন্দ্রীয় বাঙলা উন্নয়ন বোর্ড
_c১৯৭০
300 _a32 p.;
_c24 cm
650 _aTerminology of Soil Science
942 _2ddc
_cBK